00712nam a2200241 a 4500001001300000003000900013005001700022008004100039020002200080082001300102100002200115245005200137260004100189300000900230500003500239505001000274650002000284700002200304902000800326942000700334952011200341999001700453nice12345678IN_TiNIC20260116014148.0050524s2003 boma grp 000 0 eng  a817108X c6000a794bSCH aSchilling, Dianne aEverybody Winsb Some Games Children Could Play aBombaybBetter Yourself Books c2003 a167p aincludes index and biblioraphy2 aIndex aChildrens-Games1 aSchilling, Dianne bSRS cBK 001040708StackRoom-aHMIbHMId2009-08-31g60.00l0o794 SCHp020379r2009-08-31v60.00w2005-05-24yBK c14139d14139